| 000 | 00348pab a2200145 454500 | ||
|---|---|---|---|
| 008 | 180718b1998 xxu||||| |||| 00| 0 eng d | ||
| 100 | _aShah, U.M. | ||
| 245 | _aProblems and strategies of cooperative development | ||
| 260 | _c1998 | ||
| 300 | _ap.33-35,39 | ||
| 362 | _aFeb | ||
| 650 | _aCooperatives | ||
| 773 | _aKurukshetra | ||
| 909 | _a36847 | ||
| 999 |
_c36847 _d36847 |
||